Postupy účtovania pre podnikateľov

S účinnosťou od 1.1. 2003 bolo vydané opatrenie MF SR č. 23 054/2002-92 zo 16. decembra 2002, ktorým sa ustanovujú podrobnosti o postupoch účtovania a rámcovej účtovej osnove pre podnikateľov účtujúcich v sústave podvojného účtovníctva. Dve skupiny obsahového začlenenia Postupov. Všeobecné ustanoven...

Descripción completa

Guardado en:
Detalles Bibliográficos
Autor principal: Kaletová, Viera
Formato: Capítulo de libro
Lenguaje:eslovaco
Materias:
Etiquetas: Agregar Etiqueta
Sin Etiquetas, Sea el primero en etiquetar este registro!

MARC

LEADER 00000naa a2200000 4500
001 r048093
005 20230919121603.6
041 0 |a slo 
044 |a SK 
245 1 0 |a Postupy účtovania pre podnikateľov  |c Viera Kaletová 
520 |a S účinnosťou od 1.1. 2003 bolo vydané opatrenie MF SR č. 23 054/2002-92 zo 16. decembra 2002, ktorým sa ustanovujú podrobnosti o postupoch účtovania a rámcovej účtovej osnove pre podnikateľov účtujúcich v sústave podvojného účtovníctva. Dve skupiny obsahového začlenenia Postupov. Všeobecné ustanovenia. Praktické príklady. 
610 2 0 |a účtovanie 
610 2 0 |a smernice 
610 2 0 |a podnikatelia 
610 2 0 |a účtovníctvo podvojné 
610 2 0 |a Slovensko 
100 1 |a Kaletová, Viera